000 00354nam a2200145 a 4500
001 1961
003 CDMR
005 20130116135221.0
008 130130s1989||||||||||||||||||||||||||||d
040 _aCDMR
_bcat
_cCDMR
100 1 _aRodrigo Alsina, Miquel
_91468
245 1 3 _aLa construcción de la noticia
260 _aBarcelona
_c1989
_bPaidós
942 _cMON
999 _c1961
_d1961